Statistics for The Reign of George III

Click here to take the quiz!

General Stats

  • This quiz has been taken 152 times
  • The average score is 13 of 20

Answer Stats

QuestionAnswer% Correct
At what battle did Napoleon see his last defeat?Battle of Waterloo
95%
What were the name of both the kings that he came after and before him?George
92%
What disease did Edward Jenner invent a vaccine for?Smallpox
85%
What horror novel did Mary Shelley write?Frankenstein
83%
From what German city was his family?Hanover
82%
What "Revolution" began in Great Britain before spreading to the rest of the world?Industrial Revolution
81%
Who was the British general at that battle (and later became Prime Minister)?Arthur Wellesley
80%
What British explorer "discovered" Hawaii and eastern Australia?James Cook
80%
What event started the American Revolution in 1773?Boston Tea Party
73%
What disease did the British Navy discover can be prevented by drinking lemon juice?Scurvy
72%
What were the British soldiers called? (based on the the color of their uniform)Redcoats
70%
What 1994 movie depicted the state of King's metal health?The {Madness} of
King George
69%
What was the name of two of his Prime Ministers, one elder and one younger?William Pitt
63%
What nickname did he gain, due to his keen interest in agriculture?{Farmer} George
61%
What royal building did he buy for his wife? (and named it "the Queen's house")Buckingham Palace
57%
What was the name of his queen consort?{Charlotte} of
Mecklenburg-Strelitz
56%
What war with France was ended in 1763?Seven Years’ War
51%
Which American general defected to the British during that revolution?Benedict Arnold
43%
The capital of what New World country is named after him?Guyana
31%
What series of battles were considered the turning point of the revolution?Battles of Saratoga
17%

Score Distribution

Percentile by Number Answered

Percent of People with Each Score

Your Score History

You have not taken this quiz